Seymour Cassel Filmography - Statistics

General Stats
  • This quiz has been taken 7 times
  • The average score is 105 of 220
Answer Stats
Type Year Name % Correct
Film 1968 Faces
100%
Film 2016 Time Framed
100%
TV Show 1965-1966 12 O'Clock High
50%
TV Film 2001 61*
50%
Film 1992 Adventures in Spying
50%
Film 2003 A Good Night to Die
50%
TV Show 1963 Alcoa Premiere
50%
TV Show 2002 A Nero Wolfe Mystery
50%
TV Film 1980 Angel on My Shoulder
50%
Film 2000 Animal Factory
50%
TV Show 2002 Arli$$
50%
Film 2006 Arte Lange's Beer League
50%
Film 2014 At the Maple Grove
50%
TV Film 2010 Back Nine
50%
Film 1999 Ballad of the Nightingale
50%
Film 2008 Barbiere, IL
50%
Film 2001 Bartleby
50%
TV Show 1967 Batman
50%
Film 2008 Beau Jest
50%
Film 2005 Before It Had a Name
50%
Film 1987 Best Seller
50%
TV Film 1986 Beverly Hills Madam
50%
Film 2008 Big Heart City
50%
Film 2005 Bittersweet Place
50%
Film 1999 Black and White
50%
Film 1977 Black Oak Conspiracy
50%
TV Film 1983 Blood Feud
50%
TV Show 1964 Bob Hope Presents the Chrysler Theatre
50%
Film 1993 Boiling Point
50%
Film 2012 Booster
50%
TV Show 2001 Boston Public
50%
Film 2012 Broken Kingdom
50%
TV Show 1964 Burke's Law
50%
Short Film 2006 Bye Bye Benjamin
50%
Film 1979 California Dreaming
50%
Film 1996 Caméléone
50%
Film 1996 Cannes Man
50%
Film 1992 Chain of Desire
50%
Film 1994 Chasers
50%
Film 2007 Chasing 3000
50%
TV Show 1997 Chicago Hope
50%
TV Show 1967 Cimarron Strip
50%
Film 2005 Circadian Rhythm
50%
TV Film 2011 Circling the Drain
50%
Film 1990 Cold Dog Soup
50%
Film 1991 Cold Heaven
50%
Film 1988 Colors
50%
TV Show 1964 Combat!
50%
TV Show 1965 Convoy
50%
Film 1978 Convoy
50%
Film 1968 Coogan's Bluff
50%
Film 2007 Cosmic Radio
50%
Film 2021 Cosmic Radio
50%
TV Show 2009 Crash
50%
Film 1994 Dark Side of Genius
50%
Film 1996 Dead Girl
50%
TV Film 1991 Dead in the Water
50%
TV Show 1959 Deadline
50%
Film 1995 Dead Presidents
50%
Film 1977 Death Game
50%
Film 1992 Diary of a Hitman
50%
Film 1990 Dick Tracy
50%
Film 1982 Double Exposure
50%
Film 1998 Dream for an Insomniac
50%
TV Show 1972 Emergency!
50%
TV Film 1998 Emma's Wish
50%
TV Show 2007 ER
50%
Film 1986 Eye of the Tiger
50%
TV Show 2012 FCU: Fact Checkers Unit
50%
TV Show 2009 Flight of the Conchords
50%
Film 2011 Fort McCoy
50%
Film 2011 Freerunner
50%
TV Show 2011 Funny or Die Presents...
50%
TV Show 2003 Gary the Rat
50%
Film 1999 Getting to Know You
50%
TV Show 1996 Good Company
50%
Film 1994 Hand Gun
50%
TV Show 2006 Heist
50%
Film 2006 Hollywood Dreams
50%
Film 1992 Honeymoon in Vegas
50%
Film 1998 Hoods
50%
TV Show 1987 Hooperman
50%
Film 1994 Imaginary Crimes
50%
Film 1993 Indecent Proposal
50%
Film 1992 In the Soup
50%
Film 1994 It Could Happen to You
50%
TV Film 1983 I Want to Live
50%
Film 1998 Johnny 316
50%
Film 1988 Johnny Be Good
50%
Short Film 1996 Juicehead
50%
Film 1960 Juke Box Racket
50%
TV Show 2005 Justice League Unlimited
50%
Film 2000 Just One Night
50%
Film 1981 King of the Mountain
50%
Film 2010 Kissing Strangers
50%
Commercial 2012 Kraft Mac & Cheese
50%
TV Show 1965 Laredo
50%
Film 2011 L!fe Happens
50%
Film 2005 Lonesome Jim
50%
Film 2012 Lost Angeles
50%
Film 1984 Love Streams
50%
TV Show 2003 Lucky
50%
Film 2015 Lucky Dog
50%
Film 2002 Manna from Heaven
50%
Film 1960 Man on a String
50%
TV Show 1988 Matlock
50%
Film 1999 Me and Will
50%
Film 1971 Minnie and Moskowitz
50%
Film 1991 Mobsters
50%
Film 1975 Moment to Moment
50%
Film 1997 Motel Blue
50%
Film 1960 Murder, Inc.
50%
TV Show 1966 My Three Sons
50%
TV Show 1959 Naked City
50%
Short Film 2000 Next Stop, Eternity
50%
TV Film 1973 Nightside
50%
Film 2009 Not Dead Yet
50%
Film 2010 Now Here
50%
TV Film 1997 Obsession
50%
TV Show 1988 Ohara
50%
Film 1978 Opening Night
50%
TV Short 1993 Partners
50%
Film 2002 Passionada
50%
Short Film 2011 Pass the Salt, Please
50%
Film 2010 Pete Smalls Is Dead
50%
Film 1988 Plain Clothes
50%
Film 2007 Postal
50%
Film 2014 Pride of Lions
50%
Short Film 2006 Property
50%
Film 1979 Ravagers
50%
Film 2006 Ray of Sunshine
50%
Film 2008 Reach for Me
50%
TV Show 2012 Regular Show
50%
Film 1998 Relax...It's Just Sex
50%
Film 1998 Rushmore
50%
TV Film 1977 Scott Joplin
50%
Film 2006 Sea of Dreams
50%
Short Film 1996 Seed
50%
Film 1959 Shadows
50%
Film 2012 Silver Case
50%
Film 1996 Slaughter of the Cock
50%
Film 1999 Smoking Cuban Style
50%
Film 1998 Snapped
50%
Film 2002 Sonny
50%
TV Show 1988 Star Trek: The Next Generation
50%
Film 2009 Staten Island
50%
Film 2002 Stealing Harvard
50%
Film 2003 Stuck on You
50%
Film 1987 Survival Game
50%
TV Film 1989 Sweet Bird of Youth
50%
Film 2004 Sweet Underground
50%
TV Show 1987 Tales from the Darkside
50%
Film 1999 Temps
50%
Short Film 2004 Thanksgiving
50%
Film 2014 The Algerian
50%
Film 2002 The Biz
50%
Film 2002 The Burial Society
50%
Film 2001 The Chameleon
50%
Film 2000 The Crew
50%
Film 2001 The Cure for Boredom
50%
TV Show 1965, 1966, 1967 The F.B.I.
50%
TV Film 1964 The Hanged Man
50%
Film 2007 The Happiest Day of His Life
50%
TV Show 1967 The Invaders
50%
Film 1964 The Killers
50%
Film 1976 The Killing of a Chinese Bookie
50%
TV Mini-Series 1997 The Last Don
50%
Film 1996 The Last Home Run
50%
Film 1976 The Last Tycoon
50%
Film 2004 The Life Aquatic with Steve Zissou
50%
TV Show 1962, 1963 The Lloyd Bridges Show
50%
Film 1980 The Mountain Men
50%
TV Film 1997 The Player
50%
Film 1994 There Goes My Baby
50%
Film 1970 The Revolutionary
50%
Film 2001 The Royal Tenenbaums
50%
Film 2013 The Secret Lives of Dorks
50%
Film 2001 The Sleepy Time Gal
50%
Film 1968 The Sweet Ride
50%
Film 2005 The Tenants
50%
Film 1998 The Treat
50%
TV Show 1964 The Twilight Zone
50%
Film 1962 The Webster Boy
50%
Film 2005 The Wendell Baker Story
50%
Film 1996 Things I Never Told You
50%
Short Film 2002 Time & Again
50%
Film 1987 Tin Men
50%
Film 1994 Tollbooth
50%
TV Film 2008 To Love and Die
50%
Film 1961 Too Late Blues
50%
TV Show 1996-1999 Tracey Takes On...
50%
Film 1988 Track 29
50%
Film 1993 Trouble Bound
50%
Short Film 1996 Turnpike
50%
TV Show 1994-1995 Under Suspicion
50%
Film 1977 Valentino
50%
TV Show 1966, 1968 Voyage to the Bottom of the Sea
50%
TV Show 1963 Wagon Train
50%
Film 2005 Welcome to California
50%
Short Film 1992 What Happened to Pete
50%
Film 1993 When Pigs Fly
50%
Film 1991 White Fang
50%
Film 1989 Wicked Stepmother
50%
Short Film 2003 Wishing Time
50%
Film 2011 Without Borders
50%
Film 2001 Women of the Night
50%
TV Film 1971 Young Marrieds at Play
50%
TV Film 1991 Face of a Stranger
0%
Documentary 1989 I'm Almost Not Crazy: John Cassavetes, the Man and His Work
0%
Film 2009 Irene in Time
0%
Film 1998 Last Call
0%
Film 1996 Les Frères Gravet
0%
Film 1992 Love Is Like That
0%
Film 1979 Mr. Mike's Mondo Video
0%
Short Film 2010 The Aristofrogs
0%
Film 2011 The Call
0%
Film 2014 The Last Beat
0%
TV Mini-Series 1998 The Last Don II
0%
Film 1963 The Nutty Professor
0%
Film 1997 The World, Then the Fireworks
0%
No matching quizzes found
Score Distribution
Percent of People with Each Score
Percentile by Number Answered
Your Score History
You have not taken this quiz